000 00475nam a22001697a 4500
999 _c9117
_d9117
003 AR-CdUCM
008 190327b ||||| |||| 00| 0 spa d
040 _aMUNICIPALIDAD PROVINCIAL DEL CUSCO
_cBIBLIOTECA MUNICIPAL DEL CUSCO
082 _26ed.
_a869.266 /
_bB74
100 _aBorges, Jorge Luis
_92792
245 _aDiscución /
260 _aArgentina :
_bEmecé,
_c1970.
300 _a180 páginas ;
_c18 cm.
650 _aNovela.
_95
942 _2ddc
_cLIBROS
945 _awfj